Death valley national park (Record no. 145805)

MARC details
000 -LEADER
fixed length control field 00791nam a2200241Ia 4500
008 - FIXED-LENGTH DATA ELEMENTS--GENERAL INFORMATION
fixed length control field 191130s2009##################000#0#eng##
020 ## - INTERNATIONAL STANDARD BOOK NUMBER
ISBN 9781604530919
082 ## - DEWEY DECIMAL CLASSIFICATION NUMBER
Classification number 979.487 HIR
100 ## - MAIN ENTRY--AUTHOR NAME
Personal name Hirschmann, Randi
245 ## - TITLE STATEMENT
Title Death valley national park
Statement of responsibility, etc Randi Hirschmann, Fred Hirschmann, Mark Schlenz
260 ## - PUBLICATION, DISTRIBUTION, ETC. (IMPRINT)
Place of publication Edina
Name of publisher ABDO Pub. Co
Year of publication 2009
300 ## - PHYSICAL DESCRIPTION
Number of Pages 32 p. : ill. (chiefly col.), col. map ; 26 cm
500 ## - GENERAL NOTE
General note Includes index
650 ## - SUBJECT ADDED ENTRY--TOPICAL TERM
Topical Term Death Valley (Calif. and Nev.) - Juvenile literature
Topical Term Death Valley National Park (Calif. and Nev.) - Juvenile literature
700 ## - ADDED ENTRY--PERSONAL NAME
Personal name Hirschmann, Fred
Personal name Schlenz, Mark
991 ## -
-- 302585
Holdings
Withdrawn status Lost status Damaged status Not for loan Home library Current library Shelving location Date acquired Full call number Accession Number Price effective from Koha item type
        Anna Centenary Library Anna Centenary Library 7TH FLOOR, B WING 12.10.2020 979.487 HIR 424602 12.10.2020 English Books

Find us on the map